000 00309nam a2200109Ia 4500
008 151015s9999 xx 000 0 und d
050 _aGE 160 .k4 S74 2009
250 _a_Revised strategic plan 2010-2013 NEMA
300 _aNairobi NEMA 2009
650 _a_Strategic plan
700 _a^d20130507 12:23:27^oanne
999 _c4137
_d4137